[Event "Blitz 2018"]
[Site "Saint-Petersburg"]
[Date "2018.12.29"]
[Round "1"]
[Board "44"]
[White "Dzhumagaliev Yan (RUS)"]
[Black "Firouzja Alireza (IRI)"]
[Result "0-1"]
[LiveChessVersion "1.4.8"]
[BlackElo "2667"]
[WhiteElo "2489"]

1. Nf3 {[%clk 0:03:03]} d6 {[%clk 0:03:04]} 2. d4 {[%clk 0:03:02]} Nf6
{[%clk 0:03:05]} 3. g3 {[%clk 0:03:04]} g6 {[%clk 0:03:06]} 4. Bg2
{[%clk 0:03:05]} Bg7 {[%clk 0:03:07]} 5. O-O {[%clk 0:03:06]} O-O
{[%clk 0:03:08]} 6. a4 {[%clk 0:03:07]} Na6 {[%clk 0:03:08]} 7. Nc3
{[%clk 0:03:06]} c5 {[%clk 0:03:02]} 8. a5 {[%clk 0:02:57]} Nb4 {[%clk 0:02:49]}
9. e4 {[%clk 0:02:42]} Bg4 {[%clk 0:02:48]} 10. d5 {[%clk 0:02:34]} e6
{[%clk 0:02:42]} 11. dxe6 {[%clk 0:02:30]} Bxe6 {[%clk 0:02:35]} 12. Bf4
{[%clk 0:02:20]} d5 {[%clk 0:02:36]} 13. Ng5 {[%clk 0:02:04]} Bg4
{[%clk 0:02:24]} 14. Qc1 {[%clk 0:00:50]} d4 {[%clk 0:02:13]} 15. Na2
{[%clk 0:00:35]} h6 {[%clk 0:02:07]} 16. Nf3 {[%clk 0:00:32]} Nxa2
{[%clk 0:02:03]} 17. Rxa2 {[%clk 0:00:33]} g5 {[%clk 0:02:04]} 18. Be5
{[%clk 0:00:31]} Be6 {[%clk 0:01:57]} 19. Ra3 {[%clk 0:00:26]} Nxe4
{[%clk 0:01:54]} 20. Bxg7 {[%clk 0:00:27]} Kxg7 {[%clk 0:01:55]} 21. a6
{[%clk 0:00:26]} b5 {[%clk 0:01:35]} 22. b4 {[%clk 0:00:22]} cxb4
{[%clk 0:01:30]} 23. Rd3 {[%clk 0:00:23]} Nc3 {[%clk 0:01:31]} 24. Re1
{[%clk 0:00:22]} Bc4 {[%clk 0:01:22]} 25. Rxd4 {[%clk 0:00:22]} Qf6
{[%clk 0:01:23]} 26. Rd2 {[%clk 0:00:12]} Rae8 {[%clk 0:01:21]} 27. h4
{[%clk 0:00:12]} Ne2+ {[%clk 0:01:19]} 28. Rdxe2 {[%clk 0:00:13]} Rxe2
{[%clk 0:01:20]} 29. hxg5 {[%clk 0:00:13]} hxg5 {[%clk 0:01:20]} 30. Rxe2
{[%clk 0:00:10]} Bxe2 {[%clk 0:01:22]} 31. Nxg5 {[%clk 0:00:12]} Rd8
{[%clk 0:01:22]} 32. Ne4 {[%clk 0:00:04]} Qe5 {[%clk 0:01:17]} 33. Qe3
{[%clk 0:00:04]} Rd1+ {[%clk 0:01:15]} 34. Kh2 {[%clk 0:00:05]} Qh5+
{[%clk 0:01:17]} 35. Bh3 {[%clk 0:00:06]} Bf3 {[%clk 0:01:18]} 36. g4
{[%clk 0:00:03]} Rh1+ {[%clk 0:01:18]} 37. Kg3 {[%clk 0:00:04]} Rxh3+ 38. Kf4
Qxg4+ {[%clk 0:01:17]} 39. Ke5 {[%clk 0:00:07]} Qxe4+ 40. Kd4 0-1

[Event "Blitz 2018"]
[Site "Saint-Petersburg"]
[Date "2018.12.29"]
[Round "1"]
[Board "45"]
[White "Alekseenko Kirill (RUS)"]
[Black "Sanal Vahap (TUR)"]
[Result "1-0"]
[LiveChessVersion "1.4.8"]
[BlackElo "2488"]
[WhiteElo "2665"]

1. e4 {[%clk 0:03:03]} e5 {[%clk 0:03:03]} 2. Nf3 {[%clk 0:03:04]} Nc6
{[%clk 0:03:04]} 3. Bb5 {[%clk 0:03:04]} a6 {[%clk 0:03:05]} 4. Ba4
{[%clk 0:03:04]} Nf6 {[%clk 0:03:04]} 5. O-O {[%clk 0:03:04]} Nxe4
{[%clk 0:03:04]} 6. d4 {[%clk 0:03:04]} b5 {[%clk 0:03:05]} 7. Bb3
{[%clk 0:03:05]} d5 {[%clk 0:03:06]} 8. dxe5 {[%clk 0:03:06]} Be6
{[%clk 0:03:06]} 9. Be3 {[%clk 0:03:05]} Be7 {[%clk 0:03:03]} 10. c3
{[%clk 0:03:05]} O-O {[%clk 0:03:02]} 11. Nbd2 {[%clk 0:03:06]} Qd7
{[%clk 0:03:03]} 12. Bc2 {[%clk 0:03:04]} Nxd2 {[%clk 0:03:02]} 13. Qxd2
{[%clk 0:03:04]} Bg4 {[%clk 0:02:54]} 14. Bf4 {[%clk 0:03:04]} Bxf3
{[%clk 0:02:54]} 15. gxf3 {[%clk 0:03:05]} Rad8 {[%clk 0:02:54]} 16. Rad1
{[%clk 0:02:59]} Qe6 {[%clk 0:02:46]} 17. Rfe1 {[%clk 0:02:55]} Na5
{[%clk 0:02:37]} 18. b3 {[%clk 0:02:42]} Nb7 {[%clk 0:02:25]} 19. Bg3
{[%clk 0:02:42]} c6 {[%clk 0:02:16]} 20. f4 {[%clk 0:02:42]} f5 {[%clk 0:02:17]}
21. exf6 {[%clk 0:02:14]} Qxf6 {[%clk 0:02:18]} 22. Qd3 {[%clk 0:02:09]} g6
{[%clk 0:02:18]} 23. f5 {[%clk 0:02:09]} gxf5 {[%clk 0:02:12]} 24. Be5
{[%clk 0:02:06]} Qh4 {[%clk 0:01:40]} 25. Kh1 {[%clk 0:01:59]} Bf6
{[%clk 0:01:30]} 26. Qxf5 {[%clk 0:01:29]} Bxe5 {[%clk 0:01:20]} 27. Qxe5
{[%clk 0:01:30]} Qf6 {[%clk 0:01:03]} 28. Qxf6 {[%clk 0:01:30]} Rxf6
{[%clk 0:01:04]} 29. Re7 {[%clk 0:01:29]} Nd6 {[%clk 0:00:48]} 30. Rg1+
{[%clk 0:01:12]} Kf8 {[%clk 0:00:49]} 31. Rxh7 {[%clk 0:01:09]} Nf7
{[%clk 0:00:25]} 32. Kg2 {[%clk 0:00:52]} Re8 {[%clk 0:00:20]} 33. Kf1
{[%clk 0:00:53]} Re5 {[%clk 0:00:17]} 34. Rg3 {[%clk 0:00:50]} c5
{[%clk 0:00:13]} 35. h4 {[%clk 0:00:38]} Ke7 {[%clk 0:00:14]} 36. Bg6
{[%clk 0:00:33]} Ke6 {[%clk 0:00:16]} 37. Bxf7+ {[%clk 0:00:33]} Rxf7
{[%clk 0:00:17]} 38. Rg6+ {[%clk 0:00:33]} Ke7 {[%clk 0:00:06]} 39. Rxf7+
{[%clk 0:00:30]} Kxf7 {[%clk 0:00:07]} 40. Rxa6 {[%clk 0:00:26]} Rh5
{[%clk 0:00:06]} 41. Ra5 {[%clk 0:00:25]} Rxh4 {[%clk 0:00:04]} 42. Rxb5
{[%clk 0:00:26]} Rh1+ {[%clk 0:00:05]} 43. Kg2 {[%clk 0:00:26]} Ra1
{[%clk 0:00:06]} 44. Rxc5 {[%clk 0:00:27]} Ke6 {[%clk 0:00:07]} 45. a4
{[%clk 0:00:27]} Kd6 {[%clk 0:00:07]} 46. Rc8 {[%clk 0:00:20]} Ra3
{[%clk 0:00:05]} 47. Rb8 {[%clk 0:00:19]} Ra2 {[%clk 0:00:06]} 48. Rb6+
{[%clk 0:00:16]} Kc5 {[%clk 0:00:05]} 49. Rb5+ {[%clk 0:00:17]} Kc6
{[%clk 0:00:05]} 50. Rb8 {[%clk 0:00:10]} Kc7 {[%clk 0:00:05]} 51. Rf8
{[%clk 0:00:10]} Rc2 {[%clk 0:00:05]} 52. Rf3 {[%clk 0:00:11]} Ra2
{[%clk 0:00:05]} 53. Rd3 {[%clk 0:00:11]} Kc6 {[%clk 0:00:06]} 54. c4
{[%clk 0:00:11]} dxc4 {[%clk 0:00:05]} 55. Rc3 {[%clk 0:00:12]} Kd5
{[%clk 0:00:05]} 56. Rxc4 {[%clk 0:00:12]} Rb2 {[%clk 0:00:06]} 57. Rb4
{[%clk 0:00:13]} 1-0

[Event "Blitz 2018"]
[Site "Saint-Petersburg"]
[Date "2018.12.29"]
[Round "1"]
[Board "46"]
[White "Vastrukhin Oleg (RUS)"]
[Black "Amin Bassem (EGY)"]
[Result "1-0"]
[LiveChessVersion "1.4.8"]
[BlackElo "2659"]
[WhiteElo "2488"]

1. Nf3 {[%clk 0:03:03]} Nf6 {[%clk 0:03:02]} 2. g3 {[%clk 0:03:02]} g6
{[%clk 0:03:03]} 3. Bg2 {[%clk 0:03:03]} Bg7 {[%clk 0:03:04]} 4. O-O
{[%clk 0:03:04]} O-O {[%clk 0:03:05]} 5. d4 {[%clk 0:03:04]} d6 {[%clk 0:03:06]}
6. a4 {[%clk 0:03:05]} c6 {[%clk 0:03:06]} 7. a5 {[%clk 0:03:03]} Qc7
{[%clk 0:02:59]} 8. b3 {[%clk 0:02:47]} e5 {[%clk 0:02:48]} 9. e3
{[%clk 0:02:43]} e4 {[%clk 0:02:43]} 10. Nfd2 {[%clk 0:02:44]} Re8
{[%clk 0:02:40]} 11. c4 {[%clk 0:02:41]} Bf5 {[%clk 0:02:21]} 12. Nc3
{[%clk 0:02:42]} h5 {[%clk 0:02:16]} 13. b4 {[%clk 0:02:29]} Nbd7
{[%clk 0:02:11]} 14. Qc2 {[%clk 0:02:18]} d5 {[%clk 0:01:46]} 15. cxd5
{[%clk 0:02:15]} cxd5 {[%clk 0:01:46]} 16. Qb3 {[%clk 0:02:16]} Qd6
{[%clk 0:01:40]} 17. Ba3 {[%clk 0:02:04]} Nf8 {[%clk 0:01:39]} 18. b5
{[%clk 0:01:52]} Qd7 {[%clk 0:01:40]} 19. Na4 {[%clk 0:01:43]} Ne6
{[%clk 0:01:20]} 20. Rfc1 {[%clk 0:01:42]} h4 {[%clk 0:01:21]} 21. Rab1
{[%clk 0:01:25]} Bh6 {[%clk 0:01:17]} 22. Nc5 {[%clk 0:01:22]} Nxc5
{[%clk 0:01:17]} 23. dxc5 {[%clk 0:01:23]} d4 {[%clk 0:01:11]} 24. c6
{[%clk 0:01:18]} bxc6 {[%clk 0:01:12]} 25. bxc6 {[%clk 0:01:19]} Qc8
{[%clk 0:01:01]} 26. Nc4 {[%clk 0:01:18]} dxe3 {[%clk 0:01:01]} 27. Nxe3
{[%clk 0:01:11]} Be6 {[%clk 0:00:57]} 28. Qb7 {[%clk 0:01:12]} h3
{[%clk 0:00:50]} 29. Bf1 {[%clk 0:01:09]} Nd5 {[%clk 0:00:44]} 30. Nc4
{[%clk 0:00:59]} Bxc1 {[%clk 0:00:38]} 31. Rxc1 {[%clk 0:00:59]} Rb8
{[%clk 0:00:38]} 32. Qxa7 {[%clk 0:00:44]} Qc7 {[%clk 0:00:25]} 33. Qxc7
{[%clk 0:00:41]} Nxc7 {[%clk 0:00:26]} 34. Bd6 {[%clk 0:00:41]} Bxc4
{[%clk 0:00:23]} 35. Bxc7 {[%clk 0:00:38]} Rbc8 {[%clk 0:00:21]} 36. Bb6
{[%clk 0:00:28]} Bxf1 {[%clk 0:00:10]} 37. Kxf1 {[%clk 0:00:29]} f5
{[%clk 0:00:05]} 38. c7 {[%clk 0:00:30]} Kf7 {[%clk 0:00:06]} 39. Rd1
{[%clk 0:00:29]} Re7 {[%clk 0:00:06]} 40. a6 {[%clk 0:00:25]} Rexc7
{[%clk 0:00:06]} 41. Bxc7 Rxc7 42. Ra1 {[%clk 0:00:27]} Ra7 {[%clk 0:00:08]} 43.
Ke2 {[%clk 0:00:28]} Ke6 {[%clk 0:00:09]} 44. Ke3 {[%clk 0:00:29]} g5
{[%clk 0:00:08]} 45. g4 {[%clk 0:00:29]} fxg4 {[%clk 0:00:07]} 46. Kxe4
{[%clk 0:00:30]} Kf6 {[%clk 0:00:06]} 47. Kd5 {[%clk 0:00:30]} Kf5
{[%clk 0:00:08]} 48. Ra4 {[%clk 0:00:31]} Kf6 {[%clk 0:00:03]} 49. Kc6
{[%clk 0:00:31]} Ra8 {[%clk 0:00:03]} 50. a7 {[%clk 0:00:31]} Kf5
{[%clk 0:00:04]} 51. Kb7 {[%clk 0:00:31]} Rd8 {[%clk 0:00:05]} 52. a8=Q
{[%clk 0:00:30]} Rxa8 {[%clk 0:00:06]} 53. Kxa8 {[%clk 0:00:30]} 1-0

[Event "Blitz 2018"]
[Site "Saint-Petersburg"]
[Date "2018.12.29"]
[Round "1"]
[Board "48"]
[White "Sanikidze Tornike (GEO)"]
[Black "Postny Evgeny (ISR)"]
[Result "0-1"]
[LiveChessVersion "1.4.8"]
[BlackElo "2657"]
[WhiteElo "2484"]

1. d4 {[%clk 0:03:02]} d5 {[%clk 0:03:03]} 2. c4 {[%clk 0:03:03]} c6
{[%clk 0:03:04]} 3. Nf3 {[%clk 0:03:04]} Nf6 {[%clk 0:03:05]} 4. cxd5
{[%clk 0:03:04]} cxd5 {[%clk 0:03:05]} 5. Nc3 {[%clk 0:03:06]} Nc6
{[%clk 0:03:04]} 6. Bf4 {[%clk 0:03:06]} a6 {[%clk 0:03:01]} 7. Ne5
{[%clk 0:03:06]} e6 {[%clk 0:02:51]} 8. e3 {[%clk 0:03:06]} Nxe5 {[%clk 0:02:45]}
9. Bxe5 {[%clk 0:03:04]} Bd6 {[%clk 0:02:34]} 10. Bd3 {[%clk 0:03:05]} Bxe5
{[%clk 0:02:32]} 11. dxe5 {[%clk 0:03:06]} Nd7 {[%clk 0:02:33]} 12. f4
{[%clk 0:03:07]} Qb6 {[%clk 0:02:12]} 13. Qd2 {[%clk 0:03:07]} Nc5
{[%clk 0:02:13]} 14. Rb1 {[%clk 0:02:49]} Bd7 {[%clk 0:02:09]} 15. Bc2
{[%clk 0:02:46]} Bc6 {[%clk 0:01:56]} 16. O-O {[%clk 0:02:39]} Rd8
{[%clk 0:01:52]} 17. Rfd1 {[%clk 0:02:19]} O-O {[%clk 0:01:43]} 18. Ne2
{[%clk 0:02:13]} Ne4 {[%clk 0:01:19]} 19. Bxe4 {[%clk 0:02:13]} dxe4
{[%clk 0:01:19]} 20. Nd4 {[%clk 0:02:14]} Bd5 {[%clk 0:01:18]} 21. b3
{[%clk 0:02:08]} Rc8 {[%clk 0:01:17]} 22. f5 {[%clk 0:02:03]} Kh8
{[%clk 0:01:02]} 23. Qf2 {[%clk 0:01:56]} exf5 {[%clk 0:00:55]} 24. Nxf5
{[%clk 0:01:53]} Be6 {[%clk 0:00:56]} 25. Nd6 {[%clk 0:01:31]} Rc3
{[%clk 0:00:56]} 26. Rd4 {[%clk 0:01:29]} Qc7 {[%clk 0:00:51]} 27. h3
{[%clk 0:01:27]} Rc1+ {[%clk 0:00:47]} 28. Rxc1 {[%clk 0:01:28]} Qxc1+
{[%clk 0:00:47]} 29. Kh2 {[%clk 0:01:30]} Qc5 {[%clk 0:00:44]} 30. Qf4
{[%clk 0:01:21]} h6 {[%clk 0:00:39]} 31. Nxe4 {[%clk 0:01:20]} Qc2
{[%clk 0:00:38]} 32. Rd2 {[%clk 0:01:15]} Qc1 {[%clk 0:00:38]} 33. Rd6
{[%clk 0:00:52]} Kg8 {[%clk 0:00:38]} 34. Ng3 {[%clk 0:00:42]} Qc2
{[%clk 0:00:35]} 35. e4 {[%clk 0:00:40]} Qxa2 {[%clk 0:00:31]} 36. Nh5
{[%clk 0:00:41]} Qe2 {[%clk 0:00:32]} 37. Ng3 {[%clk 0:00:36]} Qb2
{[%clk 0:00:30]} 38. Rb6 {[%clk 0:00:34]} Rc8 {[%clk 0:00:26]} 39. Rxb7
{[%clk 0:00:34]} Rc2 {[%clk 0:00:27]} 40. Qf1 {[%clk 0:00:25]} Qxe5
{[%clk 0:00:26]} 41. Qf3 {[%clk 0:00:07]} Rc3 {[%clk 0:00:27]} 42. Qf2
{[%clk 0:00:09]} h5 {[%clk 0:00:25]} 43. h4 {[%clk 0:00:09]} Rxb3
{[%clk 0:00:16]} 44. Rxb3 {[%clk 0:00:06]} Bxb3 {[%clk 0:00:17]} 45. Kh1
{[%clk 0:00:08]} a5 {[%clk 0:00:15]} 46. Qe3 {[%clk 0:00:04]} Be6
{[%clk 0:00:15]} 47. Qd3 {[%clk 0:00:03]} g6 {[%clk 0:00:13]} 48. Ne2
{[%clk 0:00:04]} a4 {[%clk 0:00:13]} 49. Nd4 {[%clk 0:00:05]} Qf6
{[%clk 0:00:13]} 50. Kg1 {[%clk 0:00:04]} Bg4 {[%clk 0:00:12]} 51. Qe3
{[%clk 0:00:05]} Qxh4 {[%clk 0:00:13]} 52. e5 {[%clk 0:00:06]} Qe7
{[%clk 0:00:13]} 53. Qf4 {[%clk 0:00:07]} a3 {[%clk 0:00:13]} 54. Qe3
{[%clk 0:00:04]} a2 {[%clk 0:00:14]} 55. Nc2 {[%clk 0:00:04]} Bf5
{[%clk 0:00:13]} 56. Na1 {[%clk 0:00:06]} Qc7 {[%clk 0:00:13]} 57. Qd4 Qc1+
{[%clk 0:00:12]} 58. Kh2 {[%clk 0:00:07]} Qc7 {[%clk 0:00:13]} 59. Nb3
{[%clk 0:00:06]} Qb8 {[%clk 0:00:13]} 60. Na1 {[%clk 0:00:07]} Kh7
{[%clk 0:00:13]} 61. Qc3 {[%clk 0:00:05]} Be6 {[%clk 0:00:14]} 62. Qd4
{[%clk 0:00:04]} Qb1 {[%clk 0:00:15]} 63. Qc3 {[%clk 0:00:05]} h4
{[%clk 0:00:15]} 64. Qd4 {[%clk 0:00:06]} g5 {[%clk 0:00:16]} 65. Qe3
{[%clk 0:00:05]} Kg6 {[%clk 0:00:16]} 66. Qd4 {[%clk 0:00:06]} Qf5
{[%clk 0:00:16]} 67. Kg1 {[%clk 0:00:04]} g4 {[%clk 0:00:16]} 68. Nb3
{[%clk 0:00:04]} Bxb3 {[%clk 0:00:16]} 69. Qb6+ {[%clk 0:00:05]} Be6
{[%clk 0:00:17]} 70. Qa5 {[%clk 0:00:04]} Qb1+ {[%clk 0:00:17]} 71. Kh2
{[%clk 0:00:05]} a1=Q {[%clk 0:00:17]} 0-1

[Event "Blitz 2018"]
[Site "Saint-Petersburg"]
[Date "2018.12.29"]
[Round "1"]
[Board "49"]
[White "Van Foreest Jorden (NED)"]
[Black "Predke Alexandr (RUS)"]
[Result "1/2-1/2"]
[LiveChessVersion "1.4.8"]
[BlackElo "2482"]
[WhiteElo "2657"]

1. e4 {[%clk 0:03:02]} c5 {[%clk 0:03:03]} 2. Nf3 {[%clk 0:03:02]} Nf6
{[%clk 0:03:04]} 3. e5 {[%clk 0:02:54]} Nd5 {[%clk 0:03:04]} 4. Nc3
{[%clk 0:02:55]} Nxc3 {[%clk 0:03:04]} 5. dxc3 {[%clk 0:02:54]} Nc6
{[%clk 0:03:05]} 6. Bf4 {[%clk 0:02:51]} e6 {[%clk 0:03:04]} 7. h4
{[%clk 0:02:38]} h6 {[%clk 0:03:02]} 8. h5 {[%clk 0:02:38]} a6 {[%clk 0:02:54]}
9. c4 {[%clk 0:02:36]} b5 {[%clk 0:02:42]} 10. c3 {[%clk 0:02:34]} Rb8
{[%clk 0:02:31]} 11. Qc2 {[%clk 0:02:30]} b4 {[%clk 0:02:27]} 12. Bd3
{[%clk 0:02:31]} bxc3 {[%clk 0:02:16]} 13. bxc3 {[%clk 0:02:31]} Qb6
{[%clk 0:02:04]} 14. O-O {[%clk 0:02:27]} Qb2 {[%clk 0:02:05]} 15. Rab1
{[%clk 0:02:19]} Qxc2 {[%clk 0:02:04]} 16. Bxc2 {[%clk 0:02:20]} Rxb1
{[%clk 0:01:35]} 17. Rxb1 {[%clk 0:02:20]} Kd8 {[%clk 0:01:35]} 18. Nd2
{[%clk 0:02:15]} f6 {[%clk 0:00:59]} 19. exf6 {[%clk 0:01:53]} gxf6
{[%clk 0:01:00]} 20. Be4 {[%clk 0:01:53]} Ne5 {[%clk 0:00:36]} 21. Nf3
{[%clk 0:01:23]} Bd6 {[%clk 0:00:36]} 22. Nxe5 {[%clk 0:01:15]} Bxe5
{[%clk 0:00:37]} 23. Bxe5 {[%clk 0:01:12]} fxe5 {[%clk 0:00:38]} 24. g4
{[%clk 0:01:12]} Kc7 {[%clk 0:00:25]} 25. Kg2 {[%clk 0:01:12]} d5
{[%clk 0:00:17]} 26. cxd5 {[%clk 0:01:13]} exd5 {[%clk 0:00:18]} 27. Bxd5
{[%clk 0:01:12]} Bxg4 {[%clk 0:00:19]} 28. Rb7+ {[%clk 0:01:09]} Kd6
{[%clk 0:00:21]} 29. c4 {[%clk 0:01:11]} e4 {[%clk 0:00:11]} 30. Bxe4
{[%clk 0:00:50]} Ke5 {[%clk 0:00:12]} 31. f3 {[%clk 0:00:49]} Bxh5
{[%clk 0:00:13]} 32. Rd7 {[%clk 0:00:50]} Kf4 {[%clk 0:00:10]} 33. Rd5
{[%clk 0:00:48]} Rg8+ {[%clk 0:00:07]} 34. Kf2 {[%clk 0:00:49]} Bg6
{[%clk 0:00:08]} 35. Bxg6 {[%clk 0:00:42]} Rxg6 {[%clk 0:00:09]} 36. Rxc5
{[%clk 0:00:43]} Rb6 {[%clk 0:00:10]} 37. Ra5 {[%clk 0:00:39]} Rb2+
{[%clk 0:00:11]} 38. Ke1 {[%clk 0:00:40]} Kxf3 {[%clk 0:00:10]} 39. Rxa6
{[%clk 0:00:39]} Rc2 {[%clk 0:00:07]} 40. Ra4 {[%clk 0:00:23]} h5 41. Kd1 Rg2
{[%clk 0:00:06]} 42. c5 {[%clk 0:00:26]} Rg8 {[%clk 0:00:05]} 43. Rh4
{[%clk 0:00:26]} Rh8 {[%clk 0:00:07]} 44. c6 {[%clk 0:00:16]} Kg3
{[%clk 0:00:08]} 45. Rd4 {[%clk 0:00:16]} h4 {[%clk 0:00:09]} 46. c7
{[%clk 0:00:18]} Rc8 {[%clk 0:00:10]} 47. Rd7 {[%clk 0:00:19]} h3
{[%clk 0:00:11]} 48. Rg7+ {[%clk 0:00:21]} Kf2 {[%clk 0:00:12]} 49. Rh7
{[%clk 0:00:21]} Kg2 {[%clk 0:00:13]} 50. Ke2 {[%clk 0:00:21]} Re8+
{[%clk 0:00:13]} 51. Kd2 {[%clk 0:00:22]} h2 {[%clk 0:00:14]} 52. Rg7+
{[%clk 0:00:23]} Kf2 {[%clk 0:00:15]} 53. Rh7 {[%clk 0:00:19]} Kg2
{[%clk 0:00:16]} 54. Rg7+ {[%clk 0:00:11]} Kf2 {[%clk 0:00:17]} 1/2-1/2

[Event "Blitz 2018"]
[Site "Saint-Petersburg"]
[Date "2018.12.29"]
[Round "1"]
[Board "50"]
[White "Reshetnikov Alexey (RUS)"]
[Black "Amonatov Farrukh (TJK)"]
[Result "0-1"]
[LiveChessVersion "1.4.8"]
[BlackElo "2656"]
[WhiteElo "2473"]

1. c4 {[%clk 0:03:03]} Nf6 {[%clk 0:03:03]} 2. Nc3 {[%clk 0:03:05]} g6
{[%clk 0:03:04]} 3. g3 {[%clk 0:03:06]} Bg7 4. Bg2 O-O {[%clk 0:03:04]} 5. Nf3
{[%clk 0:03:09]} d6 {[%clk 0:03:04]} 6. O-O {[%clk 0:03:10]} e5 7. d3 Nc6
{[%clk 0:03:06]} 8. Rb1 {[%clk 0:03:12]} h6 {[%clk 0:03:05]} 9. b4
{[%clk 0:03:13]} Be6 {[%clk 0:03:06]} 10. b5 {[%clk 0:03:14]} Ne7
{[%clk 0:03:07]} 11. a4 {[%clk 0:03:09]} Qd7 {[%clk 0:03:06]} 12. Re1
{[%clk 0:03:00]} Bh3 {[%clk 0:03:07]} 13. Bh1 {[%clk 0:03:02]} Nh5
{[%clk 0:03:08]} 14. Ba3 {[%clk 0:02:49]} b6 {[%clk 0:02:58]} 15. Nd5
{[%clk 0:02:47]} f5 {[%clk 0:02:56]} 16. Nxe7+ {[%clk 0:02:40]} Qxe7
{[%clk 0:02:56]} 17. Nh4 {[%clk 0:02:41]} Qf6 {[%clk 0:02:47]} 18. Bxa8
{[%clk 0:02:37]} Rxa8 {[%clk 0:02:49]} 19. e4 {[%clk 0:02:32]} f4
{[%clk 0:02:11]} 20. Qf3 {[%clk 0:02:10]} Rf8 {[%clk 0:02:07]} 21. Bb2
{[%clk 0:01:44]} Qg5 {[%clk 0:01:57]} 22. Bc1 {[%clk 0:01:33]} Kh7
{[%clk 0:01:39]} 23. Qe2 {[%clk 0:01:25]} Qf6 {[%clk 0:01:37]} 24. Kh1
{[%clk 0:01:08]} Qe6 {[%clk 0:01:19]} 25. Rg1 {[%clk 0:01:06]} f3
{[%clk 0:01:14]} 26. Qe3 {[%clk 0:01:02]} Qg4 {[%clk 0:01:06]} 27. Bd2
{[%clk 0:00:45]} Kg8 {[%clk 0:00:54]} 28. a5 {[%clk 0:00:41]} g5 {[%clk 0:00:24]}
29. Nf5 {[%clk 0:00:33]} Nf4 {[%clk 0:00:25]} 30. Nh4 {[%clk 0:00:24]} gxh4
{[%clk 0:00:21]} 31. gxf4 {[%clk 0:00:19]} Bg2+ {[%clk 0:00:22]} 0-1

[Event "Blitz 2018"]
[Site "Saint-Petersburg"]
[Date "2018.12.29"]
[Round "1"]
[Board "51"]
[White "Bosiocic Marin (CRO)"]
[Black "Hirneise Tobias (GER)"]
[Result "1-0"]
[LiveChessVersion "1.4.8"]
[BlackElo "2472"]
[WhiteElo "2653"]

1. e4 {[%clk 0:03:03]} e5 {[%clk 0:03:03]} 2. Nf3 {[%clk 0:03:04]} Nc6
{[%clk 0:03:05]} 3. Bb5 {[%clk 0:03:05]} a6 {[%clk 0:03:05]} 4. Ba4
{[%clk 0:03:06]} Nf6 5. d3 d6 {[%clk 0:02:59]} 6. h3 {[%clk 0:03:07]} Be7
{[%clk 0:02:52]} 7. c4 {[%clk 0:03:08]} O-O {[%clk 0:02:52]} 8. Be3
{[%clk 0:03:09]} Be6 {[%clk 0:02:41]} 9. Nc3 {[%clk 0:03:09]} Nd7
{[%clk 0:02:39]} 10. Nd5 {[%clk 0:03:06]} f5 {[%clk 0:02:35]} 11. exf5
{[%clk 0:03:00]} Bxf5 {[%clk 0:02:34]} 12. O-O {[%clk 0:02:57]} Nf6
{[%clk 0:02:28]} 13. Bb3 {[%clk 0:02:42]} Kh8 {[%clk 0:02:23]} 14. Rc1
{[%clk 0:02:35]} Qd7 {[%clk 0:02:24]} 15. Ba4 {[%clk 0:02:21]} Rae8
{[%clk 0:02:11]} 16. b4 {[%clk 0:02:13]} Bd8 {[%clk 0:01:57]} 17. b5
{[%clk 0:02:11]} axb5 {[%clk 0:01:49]} 18. cxb5 {[%clk 0:02:06]} Ne7
{[%clk 0:01:12]} 19. Nxc7 {[%clk 0:01:47]} Bxc7 {[%clk 0:01:13]} 20. b6
{[%clk 0:01:48]} Nc6 {[%clk 0:01:14]} 21. bxc7 {[%clk 0:01:48]} Qxc7
{[%clk 0:01:08]} 22. Qb3 {[%clk 0:01:35]} Qd7 {[%clk 0:01:01]} 23. Qc4
{[%clk 0:01:24]} d5 {[%clk 0:00:39]} 24. Bxc6 {[%clk 0:01:21]} bxc6
{[%clk 0:00:38]} 25. Qxc6 {[%clk 0:01:22]} Qxc6 {[%clk 0:00:35]} 26. Rxc6
{[%clk 0:01:23]} Bxd3 {[%clk 0:00:37]} 27. Re1 {[%clk 0:01:17]} d4
{[%clk 0:00:35]} 28. Bd2 {[%clk 0:01:12]} Be4 {[%clk 0:00:36]} 29. Rc5
{[%clk 0:01:06]} Bxf3 {[%clk 0:00:35]} 30. gxf3 {[%clk 0:01:07]} Nd7
{[%clk 0:00:36]} 31. Rc7 {[%clk 0:01:08]} Nb6 {[%clk 0:00:34]} 32. Rc5
{[%clk 0:01:06]} Ra8 {[%clk 0:00:27]} 33. Bb4 {[%clk 0:01:01]} Rxf3
{[%clk 0:00:24]} 34. Rcxe5 {[%clk 0:00:56]} h6 {[%clk 0:00:23]} 35. Bc5
{[%clk 0:00:51]} Nd7 {[%clk 0:00:14]} 36. Re8+ {[%clk 0:00:51]} Rxe8
{[%clk 0:00:15]} 37. Rxe8+ {[%clk 0:00:52]} Kh7 {[%clk 0:00:17]} 38. Bxd4
{[%clk 0:00:53]} Rd3 {[%clk 0:00:15]} 39. Be3 {[%clk 0:00:40]} Ra3
{[%clk 0:00:16]} 40. Re7 {[%clk 0:00:41]} Nf6 {[%clk 0:00:16]} 41. Ra7
{[%clk 0:00:42]} Rd3 {[%clk 0:00:17]} 42. Kf1 {[%clk 0:00:40]} Nd5
{[%clk 0:00:18]} 43. Ke2 {[%clk 0:00:41]} Rc3 {[%clk 0:00:18]} 44. a4
{[%clk 0:00:41]} Nxe3 {[%clk 0:00:18]} 45. fxe3 Ra3 46. a5 {[%clk 0:00:42]} Kg6
{[%clk 0:00:21]} 47. a6 {[%clk 0:00:37]} Kh5 {[%clk 0:00:23]} 48. e4
{[%clk 0:00:35]} g5 {[%clk 0:00:19]} 49. Kf2 {[%clk 0:00:30]} Kg6
{[%clk 0:00:18]} 50. Ra8 {[%clk 0:00:30]} Ra2+ {[%clk 0:00:08]} 51. Ke3
{[%clk 0:00:28]} Ra3+ {[%clk 0:00:10]} 52. Kd4 {[%clk 0:00:29]} Rxh3
{[%clk 0:00:11]} 53. a7 {[%clk 0:00:28]} 1-0